|
|
|
|
| LEADER |
00865nam a2200277 4500 |
| 001 |
DLU090073673 |
| 005 |
##20090515 |
| 040 |
# |
# |
|a DLU
|b vie
|
| 041 |
# |
# |
|a vie
|
| 044 |
# |
# |
|a vn
|
| 100 |
# |
# |
|a Swahn, jan-Ojvind,
|c GS.
|
| 245 |
# |
# |
|a Các trường phái nghiên cứu truyện cổ dân gian trên thế giới /
|c Jan-ojvina Swahn, Trần Thị An dịch.
|
| 653 |
# |
# |
|a Nghiên cứu văn học
|
| 653 |
# |
# |
|a Phương pháp luận
|
| 653 |
# |
# |
|a Văn học dân gian
|
| 700 |
# |
# |
|a Trần Thị An,
|e dịch.
|
| 773 |
# |
# |
|t Tạp chí văn học
|g Số 1, 1996, tr.50-54
|
| 920 |
# |
# |
|a Phòng Tạp chí -- Trung tâm Thông tin - Thư viện Trường Đại học Đà Lạt
|
| 994 |
# |
# |
|a DLU
|
| 900 |
# |
# |
|a True
|
| 911 |
# |
# |
|a Nguyễn Thị Linh Chi
|
| 925 |
# |
# |
|a G
|
| 926 |
# |
# |
|a A
|
| 927 |
# |
# |
|a BB
|
| 980 |
# |
# |
|a Thư viện Trường Đại học Đà Lạt
|